[Event "GER-chT Lands U20"]
[Site "Hannover"]
[Date "2023.10.01"]
[Round "2"]
[White "Knuedel, Torben"]
[Black "Heinrich, John"]
[Result "1-0"]
[WhiteElo "2272"]
[BlackElo "2204"]
[PlyCount "99"]
[EventDate "2023.10.01"]
[EventType "team-swiss"]
[EventRounds "7"]
[EventCountry "GER"]
[SourceTitle "EXT 2024"]
[Source "ChessBase"]
[SourceDate "2023.10.10"]
[SourceVersion "1"]
[SourceVersionDate "2023.10.10"]
[SourceQuality "1"]

1. e4 c5 2. Nf3 d6 3. d4 cxd4 4. Nxd4 Nf6 5. Nc3 a6 6. Qe2 g6 7. Bg5 Bg7 8. 0-0-0 Nbd7 9. f4 Qa5 10. Kb1 0-0 11. h3 h6 12. Bh4 e5 13. Nb3 Qc7 14. f5 b5 15. Qd2 g5 16. Be1 b4 17. Nd5 Nxd5 18. Qxd5 Bb7 19. Qxd6 Qxd6 20. Rxd6 Nf6 21. Bxb4 a5 22. Rb6 axb4 23. Rxb7 Nxe4 24. Bd3 Ng3 25. Re1 e4 26. Bxe4 Rae8 27. Rxb4 Re5 28. a4 Rfe8 29. Nd2 Bf8 30. Rc4 Bc5 31. Rd1 Rd8 32. Bd3 Nxf5 33. Re4 Red5 34. Rde1 Kg7 35. Re5 Nh4 36. Rxd5 Rxd5 37. Re2 f5 38. Nb3 Bg1 39. a5 h5 40. a6 g4 41. Nd2 f4 42. hxg4 hxg4 43. b4 g3 44. Be4 Re5 45. Nf3 Rxe4 46. Rxe4 Nxf3 47. gxf3 Be3 48. a7 g2 49. a8Q g1Q+ 50. Ka2 1-0

[Event "GER-ch U16"]
[Site "Willingen"]
[Date "2023.06.02"]
[Round "8"]
[White "Metzdorf, Matteo"]
[Black "Heinrich, John"]
[Result "0-1"]
[WhiteElo "2099"]
[BlackElo "2150"]
[PlyCount "128"]
[EventDate "2023.05.27"]
[EventType "swiss"]
[EventRounds "9"]
[EventCountry "GER"]
[SourceTitle "CBM 214 Extra"]
[Source "ChessBase"]
[SourceDate "2023.07.31"]
[SourceVersion "1"]
[SourceVersionDate "2023.07.31"]
[SourceQuality "1"]

1. e4 c5 2. Nf3 d6 3. d4 cxd4 4. Nxd4 Nf6 5. f3 e5 6. Nb3 Be7 7. c4 a5 8. Be3 a4 9. N3d2 Qa5 10. Nc3 0-0 11. Be2 Bd8 12. 0-0 Bb6 13. Bf2 Bxf2+ 14. Rxf2 Nc6 15. Nb5 Rd8 16. Nb1 Nd7 17. Bf1 Nb6 18. N1c3 Be6 19. Nd5 Bxd5 20. cxd5 Na7 21. Na3 Rdc8 22. Rc1 Rc5 23. Rxc5 Qxc5 24. Qc2 Rc8 25. Qxc5 Rxc5 26. Rc2 Nd7 27. b4 axb3 28. axb3 Rxc2 29. Nxc2 g6 30. g3 Kg7 31. Kf2 Nc5 32. b4 Na4 33. Ke3 f5 34. Na3 fxe4 35. fxe4 Nc3 36. Nc4 Nab5 37. Na5 b6 38. Nc4 Nd1+ 39. Ke2 Ndc3+ 40. Ke3 Nd1+ 41. Ke2 Ndc3+ 42. Kd3 Na4 43. Bh3 Nd4 44. Bd7 b5 45. Nxd6 Nb2+ 46. Kd2 Kf6 47. Nxb5 Nc4+ 48. Kd3 Nxb5 49. Bxb5 Nd6 50. Bc6 Ke7 51. b5 Nc8 52. Kc4 Nd6+ 53. Kb4 Nxe4 54. b6 Kd8 55. b7 Kc7 56. Kb5 Nd6+ 57. Ka6 Kb8 58. Kb6 e4 59. Bb5 Nxb5 60. Kxb5 e3 61. d6 Kxb7 62. Kc5 e2 63. d7 Kc7 64. d8Q+ Kxd8 0-1

[Event "GER-chT Lands U20"]
[Site "Wiesbaden"]
[Date "2022.10.03"]
[Round "6.4"]
[White "Heinrich, John"]
[Black "Haubold, Sebastian Marcel"]
[Result "1-0"]
[WhiteElo "2139"]
[BlackElo "2039"]
[PlyCount "79"]
[EventDate "2022.09.30"]
[EventType "team-swiss"]
[EventRounds "7"]
[EventCountry "GER"]
[SourceTitle "CBM 210 Extra"]
[Source "ChessBase"]
[SourceDate "2022.11.30"]
[SourceVersion "1"]
[SourceVersionDate "2022.11.30"]
[SourceQuality "1"]
[WhiteTeam "Sachsen U20"]
[BlackTeam "Sachsen Anhalt U20"]
[WhiteTeamCountry "GER"]
[BlackTeamCountry "GER"]

1. e4 e5 2. Nf3 Nc6 3. Bb5 a6 4. Ba4 Nf6 5. 0-0 Be7 6. d3 d6 7. c3 b5 8. Bc2 0-0 9. a4 Bb7 10. Re1 Re8 11. Nbd2 Bf8 12. Nf1 g6 13. Ng3 Bg7 14. d4 exd4 15. cxd4 Nb4 16. Bb3 c5 17. d5 Ng4 18. Re2 Rc8 19. Bc2 Rc7 20. h3 Ne5 21. Ne1 h5 22. f4 Nc4 23. Bd3 Nxd3 24. Qxd3 Rce7 25. Nf3 h4 26. Nxh4 Bd4+ 27. Kh2 Bxd5 28. Nf3 Nxb2 29. Rxb2 Bc4 30. Qd2 Bxb2 31. Bxb2 Rb7 32. Qc3 f6 33. axb5 axb5 34. f5 Bf7 35. Qe3 Kh7 36. Qf4 g5 37. Qg4 Rg8 38. Nh5 Bxh5 39. Qxh5+ Kg7 40. Nxg5 1-0

[Event "GER-ch U16"]
[Site "Willingen"]
[Date "2022.06.10"]
[Round "8"]
[White "Heinrich, John"]
[Black "Hommer, Jeremy"]
[Result "1/2-1/2"]
[WhiteElo "2011"]
[BlackElo "2123"]
[PlyCount "61"]
[EventDate "2022.06.04"]
[EventType "swiss"]
[EventRounds "9"]
[EventCountry "GER"]
[SourceTitle "CBM 208 Extra"]
[Source "ChessBase"]
[SourceDate "2022.07.31"]
[SourceVersion "1"]
[SourceVersionDate "2022.07.31"]
[SourceQuality "1"]

1. e4 c6 2. d4 d5 3. Nd2 dxe4 4. Nxe4 Nf6 5. Nxf6+ exf6 6. c3 Bd6 7. Bd3 0-0 8. Qc2 c5 9. Bxh7+ Kh8 10. dxc5 Bxc5 11. Ne2 g6 12. Bxg6 fxg6 13. Qxg6 Qe8 14. Qh6+ Kg8 15. 0-0 Bf5 16. Be3 Na6 17. Nd4 Bxd4 18. Bxd4 Qg6 19. Qf4 Rae8 20. Rfe1 b6 21. a4 Qg5 22. Qf3 Nc5 23. Bxc5 bxc5 24. Qd5+ Be6 25. Qxg5+ fxg5 26. Re5 Rf5 27. Rae1 Kf7 28. f3 Kf6 29. R5e4 Re7 30. h4 Rd5 31. hxg5+ 1/2-1/2

[Event "Bremen Silvester op"]
[Site "Bremen"]
[Date "2021.12.28"]
[Round "3"]
[White "Grabowski, Petra"]
[Black "Heinrich, John"]
[Result "0-1"]
[WhiteElo "1619"]
[BlackElo "2022"]
[PlyCount "170"]
[EventDate "2021.12.21"]
[EventType "swiss"]
[EventRounds "7"]
[EventCountry "GER"]
[SourceTitle "CBM 205 Extra"]
[Source "ChessBase"]
[SourceDate "2022.01.31"]
[SourceVersion "1"]
[SourceVersionDate "2022.01.31"]
[SourceQuality "1"]

1. d4 Nf6 2. Nf3 d5 3. e3 e6 4. Bd3 Be7 5. Nbd2 0-0 6. 0-0 b6 7. e4 dxe4 8. Nxe4 Bb7 9. Qe2 Nbd7 10. c3 c5 11. dxc5 Nxc5 12. Nxc5 bxc5 13. Bg5 Qc7 14. Bxf6 Bxf6 15. Be4 Rab8 16. Rab1 Qf4 17. Bxb7 Rxb7 18. Qc2 Qc4 19. a3 Rfb8 20. Rfc1 g6 21. Nd2 Qa2 22. b3 Qxc2 23. Rxc2 a5 24. a4 Bg5 25. g3 Bxd2 26. Rxd2 Rxb3 27. Rxb3 Rxb3 28. Rd8+ Kg7 29. Ra8 Rxc3 30. Rxa5 Kf6 31. Ra7 c4 32. Rc7 Ke5 33. a5 Rc1+ 34. Kg2 Kd4 35. a6 Ra1 36. a7 c3 37. Kf3 c2 38. Rxc2 Rxa7 39. Rd2+ Ke5 40. Re2+ Kf5 41. g4+ Kg5 42. Kg3 Kf6 43. h4 h6 44. Re3 Ra5 45. Rf3+ Ke7 46. Rb3 Rd5 47. Rb7+ Kf6 48. Rb3 g5 49. Rf3+ Kg6 50. h5+ Kg7 51. Re3 Rd4 52. Re5 Rf4 53. f3 Rd4 54. Rb5 Rd2 55. Rb8 Rd7 56. Re8 Rd6 57. Rb8 Rd4 58. Re8 Rf4 59. Re7 Rc4 60. Re8 Rc2 61. Rb8 Ra2 62. Re8 Re2 63. Rb8 f5 64. Rb7+ Kf8 65. Rh7 f4+ 66. Kh3 Rf2 67. Rxh6 Rxf3+ 68. Kh2 Rg3 69. Rxe6 Rxg4 70. h6 Kg8 71. Re5 Kh7 72. Kh3 Rg3+ 73. Kh2 Kxh6 74. Rf5 Rc3 75. Kg2 Kh5 76. Rf8 Kg4 77. Rg8 Rc2+ 78. Kg1 f3 79. Kf1 Kf4 80. Rf8+ Kg3 81. Ke1 f2+ 82. Kf1 Rc1+ 83. Ke2 Re1+ 84. Kd2 f1Q 85. Rxf1 Rxf1 0-1

[Event "GER-ch U14"]
[Site "Willingen"]
[Date "2021.08.29"]
[Round "9"]
[White "Heinrich, John"]
[Black "Haenselmann, Hendrik"]
[Result "1-0"]
[WhiteElo "1911"]
[BlackElo "1859"]
[PlyCount "63"]
[EventDate "2021.08.22"]
[EventType "swiss"]
[EventRounds "9"]
[EventCountry "GER"]
[SourceTitle "EXT 2022"]
[Source "ChessBase"]
[SourceDate "2021.10.06"]
[SourceVersion "1"]
[SourceVersionDate "2021.10.06"]
[SourceQuality "1"]

1. e4 c6 2. d4 d5 3. Nc3 dxe4 4. Nxe4 Bf5 5. Ng3 Bg6 6. Nf3 Nd7 7. h4 h6 8. h5 Bh7 9. Bd3 Bxd3 10. Qxd3 e6 11. Bf4 Qa5+ 12. Bd2 Bb4 13. c3 Be7 14. c4 Qb6 15. 0-0-0 Ngf6 16. Ne4 0-0-0 17. Bc3 Nxe4 18. Qxe4 Nf6 19. Qe2 Qc7 20. Ne5 Bd6 21. f4 Rhf8 22. Rh3 Bxe5 23. fxe5 Nh7 24. Bb4 Rfe8 25. Bd6 Qd7 26. c5 Ng5 27. Ra3 a6 28. Rdd3 Re7 29. Rdb3 Qe8 30. Rxa6 bxa6 31. Qxa6+ Kd7 32. Qb7# 1-0

[Event "GER Cup Net V1 U2000"]
[Site "Playchess.com INT"]
[Date "2020.05.19"]
[Round "3"]
[White "Plum, Paul"]
[Black "Heinrich, John"]
[Result "1-0"]
[WhiteElo "1679"]
[BlackElo "1048"]
[PlyCount "95"]
[EventDate "2020.05.19"]
[EventType "swiss (blitz)"]
[EventRounds "9"]
[EventCountry "GER"]
[SourceTitle "EXT 2021"]
[Source "ChessBase"]
[SourceDate "2020.10.23"]
[SourceVersion "1"]
[SourceVersionDate "2020.10.23"]
[SourceQuality "1"]

1. e4 c5 2. Nc3 Nc6 3. g3 g6 4. Bg2 Bg7 5. d3 d6 6. Be3 e6 7. Qd2 Nd4 8. Nge2 Ne7 9. 0-0 0-0 10. Nd1 Nec6 11. Nc1 b5 12. c3 Bd7 13. cxd4 cxd4 14. Bh6 a5 15. Bxg7 Kxg7 16. f4 Qc7 17. Ne2 Rfc8 18. Nf2 a4 19. e5 dxe5 20. fxe5 Qxe5 21. Rae1 Qc5 22. Ne4 Qb4 23. Qxb4 Nxb4 24. Nd6 Nxd3 25. Nxc8 Rxc8 26. Rd1 Nxb2 27. Rxd4 Bc6 28. Bxc6 Rxc6 29. Rdf4 f5 30. Nd4 Rb6 31. R4f2 Nc4 32. Rc1 e5 33. Nxb5 Nd6 34. Nxd6 Rxd6 35. Rc4 a3 36. Ra4 Rd1+ 37. Kg2 Rd3 38. Re2 e4 39. Ra5 h5 40. h3 Kh6 41. g4 hxg4 42. hxg4 Kg5 43. gxf5 gxf5 44. Rf2 Kg4 45. Raxf5 Rg3+ 46. Kf1 e3 47. R2f4+ Kh3 48. Rh5# 1-0